| 000 | 00520nam a2200181Ia 4500 | ||
|---|---|---|---|
| 999 |
_c21360 _d21360 |
||
| 003 | OSt | ||
| 005 | 20200625110842.0 | ||
| 008 | 190216s9999||||xx |||||||||||||| ||und|| | ||
| 020 | _a9788178242552 | ||
| 040 | _coclc | ||
| 082 |
_a954.03 _bGUH/S |
||
| 100 |
_aGuha, Ranajit _93089 |
||
| 245 | 4 |
_aThe Small Voice Of History / _cRanajit Guha |
|
| 260 |
_bPermanent Black Publications, _aRanikhet: _c2009. |
||
| 300 | _a666p | ||
| 650 | _aHistory | ||
| 942 |
_cBK _2ddc _h954.03 _iGUH/S _k954.03 _mGUH/S |
||